000 01092nam a2200253Ia 4500
999 _c34632
_d34632
001 397
003 GE_BSU
005 20250417105811.0
008 181216s2008||||ge |||||||||||||| ||geo||
020 _a9789941142079
040 _cGE_BSU
041 _ageo
080 _a659
100 _aგოგიჩაიშვილი, გ.
_91123
245 _aინფორმაციის დაცვა ავტომატიზებულ სისტემებში /
_cგ. გოგიჩაიშვილი, კ. ოდიშარია; [სახელმძღვ. ინფორმატიკის სპეც. სტუდ.]; სტუ.
264 _aთბილისი :
_bტექნიკური უნივერსიტეტი,
_c2008.
300 _a148 გვ.:
_b ნახ. ;
_c20 სმ.
504 _aბიბლიოგრ.: გვ. 48.
541 _h5ლ.
653 _aინფორმაციის დაცვა
700 _aოდიშარია, კ.
_924852
700 _aშონია, ო.
_924853
942 _cBK
_2udc